Zuid-Holland Gemeenten met kaart (2026) - Statistics

General Stats
  • This quiz has been taken 8 times
  • The average score is 28 of 50
Answers on the Map
Answers color-coded by a green-red scale on the quiz's map according to % correct below.
 
Answer Stats
Answer % Correct
Delft
100%
Den Haag
100%
Dordrecht
100%
Gouda
100%
Leiden
100%
Rotterdam
100%
Noordwijk
83%
Rijswijk
83%
Schiedam
83%
Wassenaar
83%
Westland
83%
Alphen aan den Rijn
67%
Hendrik-Ido-Ambacht
67%
Hillegom
67%
Leidschendam-Voorburg
67%
Lisse
67%
Pijnacker-Nootdorp
67%
Sliedrecht
67%
Vlaardingen
67%
Voorschoten
67%
Capelle aan den IJssel
50%
Goeree-Overflakkee
50%
Katwijk
50%
Krimpenerwaard
50%
Leiderdorp
50%
Oegstgeest
50%
Teylingen
50%
Waddinxveen
50%
Zoetermeer
50%
Zuidplas
50%
Alblasserdam
33%
Albrandswaard
33%
Barendrecht
33%
Bodegraven-Reeuwijk
33%
Gorinchem
33%
Hardinxveld-Giessendam
33%
Hoeksche Waard
33%
Kaag en Braassem
33%
Krimpen aan den IJssel
33%
Lansingerland
33%
Maassluis
33%
Midden-Delfland
33%
Molenlanden
33%
Nieuwkoop
33%
Nissewaard
33%
Papendrecht
33%
Ridderkerk
33%
Voorne aan Zee
33%
Zoeterwoude
33%
Zwijndrecht
33%
No matching quizzes found
Score Distribution
Percent of People with Each Score
Percentile by Number Answered
Your Score History
You have not taken this quiz